Normal view
MARC view
Entry Topical Term
001 - CONTROL NUMBER
- control field: 752969
003 - CONTROL NUMBER IDENTIFIER
- control field: OSt
005 - DATE AND TIME OF LATEST TRANSACTION
- control field: 20250425111356.0
008 - FIXED-LENGTH DATA ELEMENTS
- fixed length control field: 250425|| aca||aabn | a|a d
040 ## - CATALOGING SOURCE
- Original cataloging agency: OSt
- Transcribing agency: OSt
150 ## - HEADING--TOPICAL TERM
- Topical term or geographic name entry element: दार्शनिक शास्त्र
670 ## - SOURCE DATA FOUND
- Source citation: Work cat.: (OSt)1309373: कुमार, मनीष 752968, पश्चिमी विचारधारा के प्रमुख दार्शनिक , 2013.
